Normal view
MARC view
- Goldberg, Jeffrey B
Entry Personal Name
001 - CONTROL NUMBER
- control field: 114218
003 - CONTROL NUMBER IDENTIFIER
- control field: NUST
005 - DATE AND TIME OF LATEST TRANSACTION
- control field: 20230819132602.0
008 - FIXED-LENGTH DATA ELEMENTS
- fixed length control field: 230819|| aca||aabn | a|a d
040 ## - CATALOGING SOURCE
- Original cataloging agency: NUST
- Transcribing agency: NUST
100 ## - HEADING--PERSONAL NAME
- Personal name: Goldberg, Jeffrey B
670 ## - SOURCE DATA FOUND
- Source citation: Work cat.: (NUST)178773: Askin, Ronald G. 85256, Design and analysis of lean production systems /, 2002.
